Statistics for Non-Protestant US Presidents

Click here to take the quiz!

General Stats

  • This quiz has been taken 776 times
    (705 since last reset)
  • The average score is 4 of 5

Answer Stats

DenominationAnswer% Correct
Roman CatholicJohn F. Kennedy
97%
Roman CatholicJoe Biden
91%
(none specified)Thomas Jefferson
64%
(none specified)Abraham Lincoln
57%
(none specified)Andrew Johnson
42%

Score Distribution

Percentile by Number Answered

Percent of People with Each Score

Your Score History

You have not taken this quiz since the last reset